00714nam a2200193 a 4500008004100000020001500041050001600056100002300072245006400095250001200159260003000171300002100201350000900222650003100231650001500262995009400277999001700371952013200388120416s1999 ||||||||||||||||| || u a074942964X aHF 5549 Arm aArmstrong, Michael12aA handbook of human resource management practice. (7th ed.) a7th ed. aLondon:bKogan Pagec1999 axx, 922p. : ill. a0.00 aHUMAN RESOURCES MANAGEMENT 0aMANAGEMENT D0.00FCBU-MAIN LIBRARY (Kitwe)H1I24.95M1UDAMAGEDZMain Library Open Access Collection c45280d45280 00102lcc4070a001b001cMain Library Open Access Collectiond2022-11-30l0oHF 5549 Armp734705r2022-11-30w2022-11-30y002